Deskriptivní geometrie : Přednášky pro posluchače odboru strojního a elektrotechnického inženýrství /

Hlavní autor: Klapka, Jiří, 1900-1976
Jazyk: Čeština
Vydáno: Brno : Donátův fond, 1949
Edice: Spisy Vys. školy techn. Dra Edvarda Beneše v Brně
Fyzický popis: 432 s. ; 4°
Knihy
Uloženo v:
LEADER 00869nam a22002172a 4500
001 000112157
003 CZ BrMZK
005 20090804111917.0
007 ta
008 950101s1949 xr f cze d
040 |a ABA001  |b cze  |c BOA001  |d ABA001 
100 1 |a Klapka, Jiří,  |d 1900-1976  |7 jk01060278  |4 aut 
245 1 0 |a Deskriptivní geometrie :  |p Přednášky pro posluchače odboru strojního a elektrotechnického inženýrství /  |c Jiří Klapka 
260 |a Brno :  |b Donátův fond,  |c 1949 
300 |a 432 s. ;  |c 4° 
490 1 |a Spisy Vys. školy techn. dr Edvarda Beneše v Brně ;  |v č. 181 
504 |a Obsahuje bibliografii 
830 0 |a Spisy Vys. školy techn. Dra Edvarda Beneše v Brně 
910 |a BOA001  |b 4-0245.124  |b TK-A-0032.295  |b TK-A-0032.296 
990 |a BK 
996 7 |b 2619964705  |c 4-0245.124  |l MZK  |r Sklad / do 24 hodin  |n 10  |w 000112157  |u 000010  |a 1  |e BOA001  |j MZK50  |s A